=LDR 00000nam 2200000 4500 =001 INLIS000000000019968 =005 20130612114955 =008 ***********************************Ind** =035 ##$$0010-061300000019968 =041 ##$$a Ind =082 ##$$a 634.6 =090 ##$$a 634.6, Wir b =100 ##$$a Wiryanta, Bernardinus T Wahyu =245 ##$$a Bertanam durian, Bernardinus T Wahyu Wiryanta ; penyunting, Tanudi =260 ##$$a 2005 $b Jakarta =300 ##$$a viii, 88 hlm, ilus, 23 cm =650 ##$$a Durian =850 ##$$a NBPNMAT